Multiple Choice Geography Quiz - Statistics

General Stats
  • This quiz has been taken 1,027 times
    743 since last reset
  • The average score is 8 of 14
Answer Stats
Question Answer % Correct
Which country has the most land area? Russia
95%
Which country has the least land area? Vatican City
94%
Which of these countries don't drive on the right side of the road? United Kingdom
88%
Which country has the least people? Vatican City
77%
Which country has the highest GDP? United States
65%
Which of these countries don't drive on the left side of the road? Finland
55%
Which country has the highest nominal GDP per capita? Luxembourg
52%
Which country is ranked the highest on the HDI scale? (Human Development Index) Norway
52%
Which of these is not an ISO 3166 code? OE
45%
Which country has the most people? China
40%
Which of these is an ISO 3166 code? DK
38%
Which country has the lowest nominal GDP per capita? Burundi
32%
Which country has the lowest GDP? Tuvalu
25%
Which country is ranked the lowest on the HDI scale? Niger
12%
No matching quizzes found
Score Distribution
Percent of People with Each Score
Percentile by Number Answered
Your Score History
You have not taken this quiz since the last reset